| 000 | 01346nam a22002537a 4500 | ||
|---|---|---|---|
| 003 | OSt | ||
| 005 | 20190222084429.0 | ||
| 008 | 180309b xxu||||| |||| 00| 0 spa d | ||
| 020 | _a842590577X | ||
| 040 | _cPJ | ||
| 100 |
_9476 _aNegro, Dalmacio |
||
| 245 | 1 | 0 |
_aLiberalismo y socialismo : _bla encrucijada intelectual de Stuart Mill / _cDalmacio Negro. |
| 260 |
_aMadrid : _bInsituto de Estudios Políticos, _c1975. |
||
| 300 |
_a291 p. _b22 cm. |
||
| 490 | _aEstudios de Economía | ||
| 500 | _aCitas y notas bibliográficas a pie de página. | ||
| 505 | _aContenido; Las dos escuelas filosóficas inglesas. Bentham: los principios de la revisión política racional. Coleridge: la política de las ideas trascendentales -- Los pensadores franceses y Stuart Mill . Augusto Comte: El moralismo político. Ciencia , política y liberalismo: Tocqueville y Mill. El problema de la ciencia Social . Comparación entre Stuart Mill y Tocqueville -- Mill y la democracia. Mill: La crisis de la critica y la cosificación de las ideas. Mill y el liberalismo social: el triunfo del conservadorismo. | ||
| 600 | 0 |
_9477 _aMILL, JOHN STUART, 1806-1873 |
|
| 650 | 0 |
_9348 _aCIENCIAS POLITICAS |
|
| 650 | 0 |
_9394 _aDOCTRINAS POLITICAS |
|
| 650 | 0 |
_9300 _aECONOMIA POLITICA |
|
| 650 | 0 |
_9390 _aLIBERALISMO |
|
| 942 |
_2udc _cLIB _h329.12/.14 _iNEG |
||
| 999 |
_c406 _d406 |
||